000
00416nam a2200145Ia 4500
008
100204s9999 xx 000 0 und d
082
_b
10955
100
_a
सिनकर श्रीकांत
245
_a
सैतान
260
_b
"दिलीप प्रकाशन , मुंबई 4"
_c
1985 2
300
_a
189
630
_a
सैतान
730
_a
सैतान
942
_c
BOOK
999
_c
455391
_d
455388